Accelerated Silverlight 3 / (رقم التسجيلة. 179781)
[ عرض عادي ]
| 000 -LEADER | |
|---|---|
| fixed length control field | 01880cam a22004811i 4500 |
| 001 - CONTROL NUMBER | |
| control field | 16299351 |
| 003 - CONTROL NUMBER IDENTIFIER | |
| control field | EG-GICUC |
| 005 - DATE AND TIME OF LATEST TRANSACTION | |
| control field | 20260428131051.0 |
| 008 - FIXED-LENGTH DATA ELEMENTS--GENERAL INFORMATION | |
| fixed length control field | 100623s2009 caua jr 001 0 eng d |
| 020 ## - INTERNATIONAL STANDARD BOOK NUMBER | |
| International Standard Book Number | 9781430224297 |
| Qualifying information | pbk. |
| 020 ## - INTERNATIONAL STANDARD BOOK NUMBER | |
| International Standard Book Number | 1430224290 |
| Qualifying information | pbk. |
| 020 ## - INTERNATIONAL STANDARD BOOK NUMBER | |
| International Standard Book Number | 9781430224303 |
| Qualifying information | ebk. |
| 035 ## - SYSTEM CONTROL NUMBER | |
| System control number | 16299351 |
| 035 ## - SYSTEM CONTROL NUMBER | |
| System control number | (OCoLC)318877604 |
| 040 ## - CATALOGING SOURCE | |
| Original cataloging agency | BTCTA |
| Transcribing agency | BTCTA |
| Modifying agency | CDX |
| -- | BWX |
| -- | YDXCP |
| -- | IXA |
| -- | DLC |
| -- | EG-GICUC |
| Description conventions | rda |
| 050 00 - LIBRARY OF CONGRESS CALL NUMBER | |
| Classification number | QA76.575 |
| Item number | .G526 2009 |
| 082 04 - DEWEY DECIMAL CLASSIFICATION NUMBER | |
| Classification number | 005.276 |
| Edition number | 21 |
| Item number | G345 |
| 092 04 - LOCALLY ASSIGNED DEWEY CALL NUMBER (OCLC) | |
| Edition number | 21 |
| Classification number | 005.276 |
| Item number | G345 |
| 099 ## - LOCAL FREE-TEXT CALL NUMBER (OCLC) | |
| Classification number | 005.276 G345 |
| 100 1# - MAIN ENTRY--PERSONAL NAME | |
| Personal name | Ghoda, Ashish. |
| Relator term | مؤلف. |
| 245 10 - TITLE STATEMENT | |
| Title | Accelerated Silverlight 3 / |
| Statement of responsibility, etc. | Ashish Ghoda and Jeff Scanlon. |
| 264 ## - PRODUCTION, PUBLICATION, DISTRIBUTION, MANUFACTURE, AND COPYRIGHT NOTICE | |
| Place of production, publication, distribution, manufacture | Berkeley, CA : |
| Name of producer, publisher, distributor, manufacturer | Apress ; |
| -- | New York : |
| -- | Distributed to the book trade worldwide by Springer-Verlag New York, |
| Date of production, publication, distribution, manufacture, or copyright notice | c2009. |
| 300 ## - PHYSICAL DESCRIPTION | |
| Extent | xxvi, 484 pages. : |
| Other physical details | illustration. ; |
| Dimensions | 24 cm. |
| 336 ## - CONTENT TYPE | |
| Content type term | text |
| Source | rdacontent |
| 337 ## - MEDIA TYPE | |
| Media type term | Computer |
| Source | rdamedia |
| 338 ## - CARRIER TYPE | |
| Carrier type term | online recourse |
| Source | rdacarrier |
| 490 0# - SERIES STATEMENT | |
| Series statement | The expert's voice in Silverlight |
| 500 ## - GENERAL NOTE | |
| General note | Includes index. |
| 520 ## - SUMMARY, ETC. | |
| Summary, etc. | Looks at the features and capabilities of Silverlight 3, covering such topics as creating user interfaces, network communications, working with data, animation, extending the user interface, and security. |
| 541 ## - IMMEDIATE SOURCE OF ACQUISITION NOTE | |
| Source of acquisition | وزارة الثقافة ؛ |
| Address | القاهرة ؛ |
| Method of acquisition | إهداء ؛ |
| Date of acquisition | 2023. |
| 630 00 - SUBJECT ADDED ENTRY--UNIFORM TITLE | |
| Uniform title | Silverlight (Electronic resource) |
| 630 07 - SUBJECT ADDED ENTRY--UNIFORM TITLE | |
| Uniform title | Silverlight (Electronic resource) |
| Source of heading or term | sears |
| 650 #0 - SUBJECT ADDED ENTRY--TOPICAL TERM | |
| Topical term or geographic name entry element | Multimedia systems. |
| 650 #0 - SUBJECT ADDED ENTRY--TOPICAL TERM | |
| Topical term or geographic name entry element | User interfaces (Computer systems) |
| 650 #0 - SUBJECT ADDED ENTRY--TOPICAL TERM | |
| Topical term or geographic name entry element | Application software |
| General subdivision | Development. |
| 650 #7 - SUBJECT ADDED ENTRY--TOPICAL TERM | |
| Topical term or geographic name entry element | Multimedia. |
| Source of heading or term | sears |
| 650 #7 - SUBJECT ADDED ENTRY--TOPICAL TERM | |
| Topical term or geographic name entry element | Web sites |
| General subdivision | Design. |
| Source of heading or term | sears |
| 650 #7 - SUBJECT ADDED ENTRY--TOPICAL TERM | |
| Topical term or geographic name entry element | Application software |
| General subdivision | Design. |
| Source of heading or term | sears |
| 700 1# - ADDED ENTRY--PERSONAL NAME | |
| Personal name | Scanlon, Jeff. |
| 905 ## - Cataloger and Reviser Names | |
| Cataloger Name | Samah |
| 942 ## - ADDED ENTRY ELEMENTS (KOHA) | |
| Source of classification or shelving scheme | Dewey Decimal Classification |
| Koha item type | Books |
| Edition | 21 |
| Suppress in OPAC | No |
| Withdrawn status | Lost status | Source of classification or shelving scheme | Damaged status | Not for loan | Home library | Current library | Date acquired | Inventory number | Total checkouts | Full call number | Barcode | Date last seen | Copy number | Price effective from | Koha item type |
|---|---|---|---|---|---|---|---|---|---|---|---|---|---|---|---|
| Dewey Decimal Classification | Not for loan | مكتبة جامعة القاهرة الاهلية | قاعة الهندسة | 28.04.2026 | 6 | 005.276 G345 C.2 | 02010000600000 | 28.04.2026 | C2 | 28.04.2026 | Books | ||||
| Dewey Decimal Classification | Not for loan | مكتبة جامعة القاهرة الاهلية | قاعة الهندسة | 28.04.2026 | 5 | 005.276 G345 C.1 | 02010000500000 | 28.04.2026 | C1 | 28.04.2026 | Books |